000 01074nam a2200229Ia 4500
999 _c38181
_d38181
001 4171
003 GE_BSU
005 20190927144627.0
008 181216s1986||||ge |||||||||||||| ||geo||
040 _cGE_BSU
041 _ageo
080 _a34(479.22) ქ–27
245 _aქართული სამართლის ისტორიის საკითხები :
_bსტატიების კრებული. კრ. 4 /
_cრედ. გ. ნადარეიშვილი, ი. ფუტკარაძე.
264 _aთბ. :
_bმეცნიერება,
_c1986.
300 _a198 გვ. ;
_b21 სმ.
500 _aეძღვნება ისიდორე დოლიძის ნათელ ხსოვნას.
541 _h1 ლ.
653 _aქართული სამართლის ისტორია
700 _aნადარეიშვილი, გ.
_eრედაქტორი
_94029
700 _aფუტკარაძე, ი.
_eრედაქტორი
_93811
942 _cBK
_2udc